[Event "Biel op-B 56th"]
[Site "Biel"]
[Date "2023.07.19"]
[Round "3"]
[White "Yang, Andersen"]
[Black "Al Maamari, Wafia Darwish"]
[Result "0-1"]
[WhiteElo "1955"]
[BlackElo "1850"]
[PlyCount "176"]
[EventDate "2023.07.17"]
[EventType "swiss"]
[EventRounds "9"]
[EventCountry "SUI"]
[SourceTitle "EXT 2024"]
[Source "ChessBase"]
[SourceDate "2023.10.10"]
[SourceVersion "1"]
[SourceVersionDate "2023.10.10"]
[SourceQuality "1"]

1. e4 c5 2. Nf3 Nc6 3. c3 Nf6 4. e5 Nd5 5. d4 cxd4 6. Bc4 Nb6 7. Bb3 d5 8. cxd4 Bg4 9. Be3 e6 10. 0-0 Be7 11. Nc3 0-0 12. h3 Bh5 13. Rc1 Na5 14. Bc2 Nac4 15. Rb1 Nxe3 16. fxe3 Nc4 17. Qe1 Bg5 18. Nd1 f5 19. Nxg5 Qxg5 20. Rf4 Qh6 21. h4 Kh8 22. Nf2 Bg4 23. g3 Bh5 24. Nh3 Qg6 25. Kh2 h6 26. Rf1 Qe8 27. Kg2 Bg4 28. Nf2 Qh5 29. Nxg4 Qxg4 30. Rf4 Qh5 31. Bd1 Qe8 32. b3 Nb6 33. Rb2 Rc8 34. Be2 g5 35. hxg5 hxg5 36. Rf1 g4 37. Rh1+ Kg7 38. Rh4 Qg6 39. Qh1 Rh8 40. Bd3 Qg5 41. Qe1 Rh6 42. Rc2 Rxc2+ 43. Bxc2 Rxh4 44. gxh4 Qe7 45. Kg3 Kh6 46. Qc1 Kh5 47. Qh1 Nd7 48. Bd1 Nf8 49. Be2 Ng6 50. Qh3 Qxh4+ 51. Qxh4+ Nxh4 52. Bb5 Ng6 53. Bd7 Nf8 54. Bc8 b6 55. b4 Kg6 56. a3 Kf7 57. Ba6 Ke7 58. Be2 Nd7 59. b5 Nf8 60. a4 Ng6 61. Bd3 Nh8 62. Kf4 Nf7 63. Be2 Nd8 64. Bf1 Nb7 65. Bd3 Na5 66. Bc2 Nc4 67. Bb3 Nb2 68. Bc2 Kf7 69. Kg3 Kg6 70. Kf4 Kh5 71. Bb1 Kh4 72. Bc2 Kh3 73. Bb3 g3 74. a5 g2 75. Bxd5 exd5 76. axb6 axb6 77. Kxf5 g1Q 78. Ke6 Qxe3 79. Kxd5 Nd3 80. Kc6 Qxd4 81. Kb7 Qxe5 82. Ka6 Nc5+ 83. Kxb6 Qd6+ 84. Ka5 Nb7+ 85. Ka4 Qb6 86. Ka3 Qxb5 87. Ka2 Nc5 88. Ka1 Nd3 0-1